000
00296nam a2200097Ia 4500
082
_a
650.144 FRY
245
0
_a
101 great answers to the toughest interview questions
100
_a
FRY, Ronald W. Boston, MA, 2009 6th ed
_9
71780
942
_c
BK
008
210817s9999 xx 000 0 und d
999
_c
234021
_d
234020